Začlenenie riadenia nákladov podľa aktivít do systému nákladového controllingu
Zavedenie nákladového modelu na báze riadenia nákladov podľa aktivít. Vytvorenie flexibilného modelu fungovania organizácie medzi jeho prvkami na základe vstupov z finančného účtovníctva. Implementácia a ciele zavedenia metódy ABC/M.
Saved in:
| Main Author: | |
|---|---|
| Other Authors: | |
| Format: | Book Chapter |
| Language: | Slovak |
| Subjects: | |
| Tags: |
No Tags, Be the first to tag this record!
|
MARC
| LEADER | 00000naa$a2200000$$$4500 | ||
|---|---|---|---|
| 001 | 0120231 | ||
| 005 | 20240502072339.4 | ||
| 041 | 0 | |a slo | |
| 044 | |a SK | ||
| 245 | 1 | 0 | |a Začlenenie riadenia nákladov podľa aktivít do systému nákladového controllingu |c Miroslav Tóth, Alena Tóthová |
| 520 | |a Zavedenie nákladového modelu na báze riadenia nákladov podľa aktivít. Vytvorenie flexibilného modelu fungovania organizácie medzi jeho prvkami na základe vstupov z finančného účtovníctva. Implementácia a ciele zavedenia metódy ABC/M. | ||
| 610 | 2 | 0 | |a podnik |
| 610 | 2 | 0 | |a náklady |
| 610 | 2 | 0 | |a rozpočet nákladov |
| 610 | 2 | 0 | |a kalkulácia nákladov |
| 610 | 2 | 0 | |a metóda ABC |
| 610 | 2 | 0 | |a kontroling |
| 610 | 2 | 0 | |a kontroling finančný |
| 610 | 2 | 0 | |a účtovníctvo finančné |
| 100 | 1 | |a Tóth, Miroslav, 1961- | |
| 700 | 1 | |a Tóthová, Alena, 1968- | |